| 000 | 00412 a2200157 4500 | ||
|---|---|---|---|
| 005 | 20250624105357.0 | ||
| 020 | _a978-1-4739-1914-6 | ||
| 082 | _a658.8342SET | ||
| 100 | _aSETHNA, Z. | ||
| 245 | _aConsumer Behaviour. | ||
| 250 | _a3th Ed, | ||
| 260 |
_aLondon, _bSETHNA, Z, _c2016. |
||
| 300 |
_axxi, 499p.; ill, figure, picture & table _b Index & References _c24.5cm |
||
| 700 | _aBLYTHE, J. | ||
| 942 |
_2ddc _cBKS |
||
| 999 |
_c4821 _d4821 |
||